000 00448nam a2200181Ia 4500
008 240925s9999 xx 000 0 und d
020 _a9788121910625
082 _a658.1511 PIL
100 _aPillai, R. S. N.
245 0 _aManagement Accounting
250 _aNA
260 _aIndia:
_bS.chand & Company
_c,1997.
300 _a219p.
_bN.A
_fOriginal
500 _aIncludes Index
600 _aManagement
650 _aManagement
942 _cBK
999 _c17704
_d17704